[Event "SLO-chT2 West"]
[Site "Kranj"]
[Date "2005.10.14"]
[Round "1.6"]
[White "Rutar, Joze"]
[Black "Bacanovic, Zvonko"]
[Result "1-0"]
[WhiteElo "1500"]
[BlackElo "1500"]
[PlyCount "61"]
[EventDate "2005.10.14"]
[EventType "team-tourn"]
[EventRounds "5"]
[EventCountry "SLO"]
[SourceTitle "EXT 2009"]
[Source "ChessBase"]
[SourceDate "2008.11.26"]
[SourceVersion "1"]
[SourceVersionDate "2008.11.26"]
[SourceQuality "1"]

1. d4 Nf6 2. c4 e6 3. Bg5 Be7 4. Nc3 c6 5. e4 h6 6. Bxf6 Bxf6 7. e5 Be7 8. c5 b6 9. b4 a5 10. a3 axb4 11. axb4 Bb7 12. Rxa8 Bxa8 13. Qa4 Bb7 14. Bd3 Qc8 15. Nge2 b5 16. Qc2 Na6 17. Qb1 Qa8 18. 0-0 Nc7 19. f4 Nd5 20. Nxd5 exd5 21. f5 f6 22. e6 Qd8 23. Nf4 d6 24. Qd1 Qc7 25. Qh5+ Kd8 26. Qf7 Bf8 27. Ng6 Qxf7 28. exf7 dxc5 29. Nxh8 Bc8 30. Re1 Bd7 31. Ng6 1-0